000
00297nam a2200121Ia 4500
008
190802s9999 xx 000 0 und d
020
_a
978-93-868-7326-2
100
_a
Jeffrey A.Hoffer
245
0
_a
Modern Database Management
260
_a
New Delhi
_b
PHI
_c
2018
300
_a
554:p
942
_c
BK
999
_c
2353
_d
2353